000 00580nam a2200181Ia 4500
999 _c21235
_d21235
003 OSt
005 20200626141234.0
008 190216s9999||||xx |||||||||||||| ||und||
020 _a8186365664
040 _coclc
082 _a954.83
_bAIY/P
100 _aAiyer, Ulloor S Parameswara
_93277
245 0 _aProgress Of Travancore Under H.H.Sree moolam Tirunal /
_c Ulloor S Parameswara Aiyer
260 _bDepartment Of Cultural Publications,
_c1998.
_aTrivandrum:
300 _a750p
650 _aHistory
942 _cBK
_2ddc
_h954.83
_iAIY/P
_k954.83
_mAIY/P